000 00326nam a22001337a 4500
005 20230726113634.0
008 230726b ||||| |||| 00| 0 eng d
040 _cAL
041 _aeng
100 _aKhwaja Ali
_9128414
245 _aHandbook on life skills
260 _aBangalore
_bBanjara Academy
_c2005
942 _2ddc
_cBK
999 _c228138
_d228138